Charles de Foucauld : explorateur du Maroc, Ermite au Sahara /

保存先:
書誌詳細
第一著者: Bazin, René (autor)
フォーマット: 図書
言語:フランス語
出版事項: París, Francia : Plon, 1954, c1921
シリーズ:(Bibliothèque Plon) [s.n.]
主題:
タグ: タグ追加
タグなし, このレコードへの初めてのタグを付けませんか!

MARC

LEADER 00000nam^a2200000^a^4500
001 000182268
005 20250521000000.0
009 20260310102000.522
037 |a Acervo ITESO - Biblioteca 
041 |a FRA 
082 |a 200. 92  |b BAZ 
100 |a Bazin, René  |e (autor) 
245 1 0 |a Charles de Foucauld :  |b explorateur du Maroc, Ermite au Sahara /  |c R. Bazin. 
264 4 |a París, Francia :  |b Plon,  |c 1954, c1921 
300 |a 253 p. 
336 |a texto  |b txt  |2 rdacontenido 
337 |a sin mediación  |b n  |2 rdamedio 
338 |a volumen  |b nc  |2 rdasoporte 
440 1 |a (Bibliothèque Plon) [s.n.] 
649 |a XX 
650 |a Religiosos Franceses -  |x Biografías 
650 |a Monasticismo y Ordenes Religiosas 
650 |a Espiritualidad 
650 |a Vida Espiritual 
650 |a Evangelización 
650 |a Iglesia Católica 
650 |a Catolicismo 
650 |a Cristianismo 
650 |a Religión 
650 |a Foucauld, Charles de,  |c Beato -  |x Tema Principal 
910 |a Fondo General 
920 |a Impresos - Libros 
930 |a Colección General 
905 |a 101 
901 |a 0500122250  |b IT1  |c ACC  |u 20250521 
902 |a https://opac.biblio.iteso.mx/vufind/Record/000182268